000 00948nam a2200277 c 4500
003 BLK
005 20180422110853.0
008 180409b bul|||||r ||||||| ||bul||
010 _aKNG00128506000
040 _aBLK
041 _aBUL
_cBUL
080 _aБългарска литература
_b821.163.2
_x-32
_z821.163.2-32
100 1 _aБарух, Виктор Сабат
_eпърви автор
_9372891
139 _aБарух, Виктор Сабат
_bБ 27
245 1 0 _aЯпонска кукла
_bНовела
_cВиктор Сабат Барух.
257 _aBGR
260 София
_bБълг. писател
_c1965
300 _a140 с.
_c18 см
380 _aX
500 _a10 100 тир.
852 _aЦб І 7771
856 4 _qpdf
_u
856 4 _qpdf
_u
942 _cKNG
_n0
944 _aCR
_c07.03.2012
_l07.03.2012 - от С1,Р / 07.03.2012
_kИрена_Русанова
944 _aED
_c07.03.2012
_l07.03.2012 - от С1,Р / 07.03.2012
_k
999 _c122858
_d122858